Wheater's functional histology : (Record no. 120434)

MARC details
000 -LEADER
fixed length control field 01002nam a2200277 a 4500
003 - CONTROL NUMBER IDENTIFIER
control field OSt
005 - DATE AND TIME OF LATEST TRANSACTION
control field 20250730104534.0
008 - FIXED-LENGTH DATA ELEMENTS--GENERAL INFORMATION
fixed length control field
020 ## - INTERNATIONAL STANDARD BOOK NUMBER
International Standard Book Number 9780702047473 (Paperback)
040 ## - CATALOGING SOURCE
Original cataloging agency NUST
Transcribing agency NUST
Language of cataloging eng
Modifying agency NUST
Description conventions rda
050 ## - LIBRARY OF CONGRESS CALL NUMBER
Classification number QM551 YOU
100 1# - MAIN ENTRY--PERSONAL NAME
Personal name Young, Barbara
-- Author
245 10 - TITLE STATEMENT
Title Wheater's functional histology :
Remainder of title a text and colour atlas /
Statement of responsibility, etc. Barbara Young, Geraldine O'Dowd and Phillip Woodford.
250 ## - EDITION STATEMENT
Edition statement Sixth edition.
260 ## - PUBLICATION, DISTRIBUTION, ETC.
Place of publication, distribution, etc. Philadelphia, PA :
Name of publisher, distributor, etc. Churchill Livingstone,
Date of publication, distribution, etc. ©2014.
300 ## - PHYSICAL DESCRIPTION
Extent x 452 pages :
Other physical details Illustrations ;
Dimensions 30 cm.
336 ## - CONTENT TYPE
Content type term text
Content type code txt
Source rdacontent
337 ## - MEDIA TYPE
Media type term unmediated
Media type code n
Source rdamedia
338 ## - CARRIER TYPE
Carrier type term volume
Carrier type code n
Source rdacarrier
504 ## - BIBLIOGRAPHY, ETC. NOTE
Bibliography, etc. note Includes bibliographical references and index.
650 #1 - SUBJECT ADDED ENTRY--TOPICAL TERM
Form subdivision Histology -- Atlases.
650 #1 - SUBJECT ADDED ENTRY--TOPICAL TERM
Form subdivision Histology.
700 ## - ADDED ENTRY--PERSONAL NAME
Personal name O'Dowd, Geraldine
Relator term Author
700 ## - ADDED ENTRY--PERSONAL NAME
Personal name Woodford, Phillip
Relator term Author
942 ## - ADDED ENTRY ELEMENTS (KOHA)
Koha item type Ordinary Loan Books
Call number prefix QM
Call number suffix YOU
Source of classification or shelving scheme Library of Congress Classification
Edition Sixth edition.
Classification part QM551 YOU
Suppress in OPAC No
Holdings
Withdrawn status Lost status Source of classification or shelving scheme Damaged status Not for loan Collection Home library Current library Shelving location Date acquired Source of acquisition Cost, normal purchase price Total Checkouts Full call number Barcode Date last seen Cost, replacement price Price effective from Koha item type Public note Accession number
    LCC     NFIC MAIN MAIN GEN 01/20/2023 Book Aid International 56.75   QM551 YOU 92004047675 01/20/2023 56.75 01/20/2023 BOOKS Donation  
    LCC     NFIC MAIN MAIN GEN 02/20/2025 Book Aid International 56.75   QM551 YOU 92004056793 02/20/2025 56.75 02/20/2025 BOOKS Donation 62380
    LCC     NFIC MAIN MAIN GEN 04/08/2025 Book Aid International 57.00   QM551 YOU 92004057723 04/08/2025 57.00 04/08/2025 BOOKS Donation 63192
    LCC     NFIC MAIN MAIN GEN 04/28/2025 Book Aid International 58.00   QM551 YOU 92004056293 04/28/2025 58.00 04/28/2025 BOOKS Donation 63077
    LCC     NFIC MAIN MAIN GEN 05/30/2025 Book Aid International 91.00   QM551 YOU 92004054292 05/30/2025 91.00 05/30/2025 BOOKS Donation 61925
    LCC     NFIC MAIN MAIN GEN 05/30/2025 Book Aid International 91.00   QM551 YOU 92004054250 05/30/2025 91.00 05/30/2025 BOOKS Donation 61926
    LCC     NFIC MAIN MAIN GEN 07/17/2025 Book Aid International 91.00   QM551 YOU 92004055074 07/17/2025 91.00 07/17/2025 BOOKS Donation 61922
    LCC     NFIC MAIN MAIN GEN 07/17/2025 Book Aid International 91.00   QM551 YOU 92004055744 07/17/2025 91.00 07/17/2025 BOOKS Donation 61923
    LCC     NFIC MAIN MAIN GEN 07/17/2025 Book Aid International 91.00   QM551 YOU 92004054759 07/17/2025 91.00 07/17/2025 BOOKS Donation 61924
    LCC     NFIC MAIN MAIN GEN 07/17/2025 Book Aid International 91.00   QM551 YOU 92004054277 07/17/2025 91.00 07/17/2025 BOOKS Donation 61927
    LCC     NFIC MAIN MAIN GEN 07/30/2025 Book Aid International 91.00   QM551 YOU 92004047767 07/30/2025 91.00 07/30/2025 BOOKS Donation  
    LCC     NFIC MAIN MAIN GEN 07/30/2025 Book Aid International 91.00   QM551 YOU 92004047852 07/30/2025 91.00 07/30/2025 BOOKS Donation  
    LCC     NFIC MAIN MAIN GEN 07/30/2025 Book Aid International 91.00   QM551 YOU 92004048373 07/30/2025 91.00 07/30/2025 BOOKS Donation  
    LCC     NFIC MAIN MAIN GEN 07/30/2025 Book Aid International 91.00   QM551 YOU 92004047878 07/30/2025 91.00 07/30/2025 BOOKS Donation  
    LCC     NFIC MAIN MAIN GEN 07/30/2025 Book Aid International 91.00   QM551 YOU 92004047709 07/30/2025 91.00 07/30/2025 BOOKS Donation  
    LCC     NFIC MAIN MAIN GEN 07/30/2025 Book Aid International 91.00   QM551 YOU 92004047861 07/30/2025 91.00 07/30/2025 BOOKS Donation  
    LCC     NFIC MAIN MAIN GEN 07/30/2025 Book Aid International 91.00   QM551 YOU 92004047725 07/30/2025 91.00 07/30/2025 BOOKS Donation